Statistics for Hollywood undead bullet lyrics

Click here to take the quiz!

General Stats

  • This quiz has been taken 28 times
  • The average score is 377 of 500

Answer Stats

Answer% Correct
a
100%
Mylike
100%
myi | just | sky
100%
oftry
100%
pills
100%
thei | just | might | oh
100%
andbird
93%
arebird | oh
93%
bottlewish
93%
danglingi | so
93%
edgei | try
93%
full
93%
go
93%
iway
93%
legsa | try
93%
offhigh | might
93%
on
93%
againa
87%
bullet
87%
friendfly
87%
gonehigh | i | might | oh
87%
head
87%
illin
87%
imso
87%
in
87%
isthat
87%
look
87%
put
87%
slitthe
87%
so
87%
then
87%
thinkup
87%
to
87%
who
87%
wristslike
87%
you
87%
bottomjust
80%
didnt
80%
me
80%
onlycould
80%
stomach
80%
try
80%
up
80%
when
80%
work
80%
cops
73%
gin
73%
god
73%
it
73%
know
73%
meet
73%
nice
73%
no
73%
we
73%
with
73%
been
67%
before
67%
best
67%
but
67%
calling
67%
could
67%
fly
67%
found
67%
friends
67%
if
67%
ive
67%
letter
67%
life
67%
miss
67%
never
67%
now
67%
ones
67%
scared
67%
scarred
67%
shes
67%
sirens
67%
suit
67%
take
67%
tell
67%
that
67%
wanna
67%
yeah
67%
20
60%
at
60%
distance
60%
dull
60%
gotta
60%
has
60%
hear
60%
knife
60%
long
60%
made
60%
momma
60%
more
60%
sky
60%
stories
60%
too
60%
two
60%
asphalt
53%
believe
53%
bet
53%
bought
53%
die
53%
ends
53%
feel
53%
looked
53%
opportunity
53%
see
53%
soft
53%
sure
53%
survive
53%
than
53%
this
53%
tomorrow
53%
top
53%
trying
53%
were
53%
what
53%
wish
53%
cause
47%
dont
47%
feels
47%
how
47%
its
47%
pain
47%
persistent
47%
say
47%
sharpened
47%
sitting
47%
theyre
47%
thought
47%
twice
47%
youd
47%
young
47%
cant
40%
far
40%
father
40%
guilt
40%
he'd
40%
mean
40%
or
40%
pushing
40%
roof
40%
stay
40%
swore
40%
tonight
40%
way
40%
whats
40%
always
33%
dream
33%
goes
33%
goodbye
33%
happened
33%
kid
33%
light
33%
little
33%
man
33%
mother
33%
night
33%
old
33%
polished
33%
raised
33%
said
33%
sleep
33%
son
33%
there
33%
watch
33%
well
33%
climbed
27%
each
27%
getting
27%
hit
27%
mirror
27%
older
27%
other
27%
pity
27%
realize
27%
smile
27%
someone
27%
sun
27%
whys
27%
emphasize
7%

Score Distribution

Percentile by Number Answered

Percent of People with Each Score

Your Score History

You have not taken this quiz